Storm in Beirut (Record no. 8315)

MARC details
000 -LEADER
fixed length control field 00840cab a2200217 4500
001 - CONTROL NUMBER
control field WB2820-42
008 - FIXED-LENGTH DATA ELEMENTS--GENERAL INFORMATION
fixed length control field 090401t1992 xxu||||| |||| 00| 0 eng d
035 ## - SYSTEM CONTROL NUMBER
System control number (Sirsi) u12948
041 ## - LANGUAGE CODE
Language code of text/sound track or separate title eng
245 ## - TITLE STATEMENT
Title Storm in Beirut
260 ## - PUBLICATION, DISTRIBUTION, ETC.
Date of publication, distribution, etc. 1992
350 ## - PRICE (NR) (BK AM CF MU VM SE) [OBSOLETE]
Price 0
490 ## - SERIES STATEMENT
Series statement Financial Times
Volume/sequential designation 21 May 1992, 4(2)
520 ## - SUMMARY, ETC.
Summary, etc. Plans to reconstruct the war-ravaged heart of Beirut have generated a controversy as fierce as any in the civil war. If successful the $2.65bn plan will transform 135 hectares of desolute ruins into skyscrapers, condominiums, parking lots and shopping malls complete with a 40-storey twin-tower World Trade Centre and an opera house.
650 ## - SUBJECT ADDED ENTRY--TOPICAL TERM
Topical term or geographic name entry element LEBANON
650 ## - SUBJECT ADDED ENTRY--TOPICAL TERM
Topical term or geographic name entry element RECONSTRUCTION
690 ## - LOCAL SUBJECT ADDED ENTRY--TOPICAL TERM (OCLC, RLIN)
Topical term or geographic name as entry element PROPERTY-PROPERTY DEVELOPMENT
690 ## - LOCAL SUBJECT ADDED ENTRY--TOPICAL TERM (OCLC, RLIN)
Topical term or geographic name as entry element OVERSEAS-REST OF THE WORLD
942 ## - ADDED ENTRY ELEMENTS (KOHA)
Suppress in OPAC 0
948 ## - LOCAL PROCESSING INFORMATION (OCLC); SERIES PART DESIGNATOR (RLIN)
c (OCLC) 04/03/1997
Holdings
Withdrawn status Lost status Source of classification or shelving scheme Damaged status Not for loan Home library Current library Shelving location Date acquired Total Checkouts Full call number Barcode Date last seen Copy number Price effective from Koha item type
    Dewey Decimal Classification     London London News article 14/09/1999   WB2820-42 12948-1001 06/08/2019 1 06/08/2019 News article